| 000 | 01455nam0a22003251 4500 | ||
|---|---|---|---|
| 001 | v19\rc\1730648 | ||
| 005 | 20250619043437.0 | ||
| 035 | _a(NLR Aleph) 004826130 | ||
| 090 |
_a5063215 _c5063215 |
||
| 100 | _a20061002e19011901|||y0rusy50 ca | ||
| 101 | 0 | _arus | |
| 102 | _aRU | ||
| 105 | _ay z ||||| | ||
| 200 | 1 |
_aОпыт статистики хирургической помощи в амбулатории Мытищенской земской больницы _e(С 1 февр. 1900 г. по 1 февр. 1901 г.) _eСообщ. Мытищен. участковому сан. совету в зас. 7 мая 1901 г. _f[Д.И. Орлов] |
|
| 210 |
_a[Москва] _cт-во скоропеч. А.А. Левенсон _dценз. 1901 |
||
| 215 |
_a5 с. _d25 |
||
| 300 | _aАвт. указан в конце текста | ||
| 309 | _aБез тит. л. и обл. | ||
| 311 | _aИз журн. "Хирургия" № 56, за 1901 г. | ||
| 488 | 0 |
_12001#$aХирургия$v1901, № 56 _tХирургия |
|
| 700 | 1 |
_7ca _8rus _aОрлов _bД. И. _cмедик _f1852-1910 _gДмитрий Иванович _9221001 _3RU\NLR\AUTH\770221057 |
|
| 712 | 0 | 2 | _aМытищинская земская больница |
| 801 | 0 |
_aRU _bNLR _gpsbo |
|
| 801 | 0 |
_aRU _bRuMoRGB _2psbo |
|
| 801 | 1 |
_aRU _bProSoft-M _2rusmarc |
|
| 852 |
_aNLR _j34.83.7.256 |
||
| 899 |
_aRuMoRGB _jПриплет к V 114/1326 |
||
| 942 | _cBOOK | ||
| 980 | _aNB | ||